[Event "1st Turkish League 2017"]
[Site "Konya"]
[Date "2017.07.20"]
[Round "5"]
[White "Saim, Sida"]
[Black "Ozbek, Busra"]
[Result "0-1"]
[WhiteElo "1634"]
[BlackElo "1796"]
[Annotator "NA"]
[PlyCount "98"]
[EventType "team-tourn"]
[EventCountry "TUR"]
[SourceTitle "playchess.com"]
[Source "ChessBase"]
[SourceQuality "1"]
[TimeControl "5400+30"]

1. d4 {[%emt 0:00:30]} g6 {[%emt 0:01:00]} 2. c4 {[%emt 0:00:30]} Bg7 {[%emt 0:00:00]} 3. Nc3 {[%emt 0:00:00]} d6 {[%emt 0:00:00]} 4. Nf3 {[%emt 0:00:00]} Nf6 {[%emt 0:10:30]} 5. e4 {[%emt 0:00:30]} O-O {[%emt 0:00:30]} 6. Be2 {[%emt 0:01:30]} Nbd7 {[%emt 0:03:30]} 7. O-O {[%emt 0:02:30]} e5 {[%emt 0:00:30]} 8. dxe5 {[%emt 0:04:30]} dxe5 {[%emt 0:05:30]} 9. Be3 {[%emt 0:00:30]} c6 {[%emt 0:03:30]} 10. h3 {[%emt 0:02:30]} Qc7 {[%emt 0:00:30]} 11. Qd2 {[%emt 0:00:30]} b6 {[%emt 0:08:30]} 12. Rad1 {[%emt 0:02:30]} Bb7 {[%emt 0:02:30]} 13. Qd6 {[%emt 0:03:30]} Qc8 {[%emt 0:09:30]} 14. Bg5 {[%emt 0:09:30]} Re8 {[%emt 0:04:30]} 15. Nh2 {[%emt 0:02:30]} h5 {[%emt 0:10:30]} 16. f4 {[%emt 0:06:30]} Re6 {[%emt 0:04:30]} 17. Qd2 {[%emt 0:02:30]} exf4 {[%emt 0:02:30]} 18. Qxf4 {[%emt 0:02:30]} Qe8 {[%emt 0:01:30]} 19. Rd6 {[%emt 0:05:30]} Rxd6 {[%emt 0:03:30]} 20. Qxd6 {[%emt 0:00:30]} Nh7 {[%emt 0:02:30]} 21. Be7 {[%emt 0:05:30]} Be5 {[%emt 0:00:30]} 22. Qa3 {[%emt 0:00:30]} c5 {[%emt 0:01:30]} 23. Bh4 {[%emt 0:01:30]} Bxc3 {[%emt 0:09:56]} 24. Qxc3 {[%emt 0:01:30]} Qxe4 {[%emt 0:00:17]} 25. Bf3 {[%emt 0:01:30]} Qxh4 {[%emt 0:00:06]} 26. Bxb7 {[%emt 0:01:30]} Rb8 {[%emt 0:00:39]} 27. Bc6 {[%emt 0:04:30]} Qe7 {[%emt 0:01:59]} 28. Re1 {[%emt 0:00:30]} Qd6 {[%emt 0:00:07]} 29. Bf3 {[%emt 0:10:30]} Ng5 {[%emt 0:03:54]} 30. Rd1 {[%emt 0:05:30]} Nxf3+ {[%emt 0:00:33]} 31. Qxf3 {[%emt 0:00:30]} Qe6 {[%emt 0:00:00]} 32. Qg3 {[%emt 0:05:54]} Re8 {[%emt 0:01:20]} 33. Nf3 {[%emt 0:03:50]} Nf6 {[%emt 0:02:27]} 34. Qf4 {[%emt 0:04:10]} Ne4 {[%emt 0:04:02]} 35. b3 {[%emt 0:00:50]} Nc3 {[%emt 0:00:29]} 36. Qd2 {[%emt 0:05:44]} Nxd1 {[%emt 0:00:58]} 37. Qxd1 {[%emt 0:00:30]} Qe3+ {[%emt 0:00:17]} 38. Kh2 {[%emt 0:01:26]} Re7 {[%emt 0:01:37]} 39. Qd6 {[%emt 0:00:48]} Kg7 {[%emt 0:00:50]} 40. a3 {[%emt 0:02:22]} Re6 {[%emt 0:01:22]} 41. Qd7 {[%emt 0:00:28]} Qf2 {[%emt 0:00:44]} 42. Qc7 {[%emt 0:01:22]} h4 {[%emt 0:00:50]} 43. Kh1 {[%emt 0:00:50]} Re2 {[%emt 0:00:23]} 44. Qh2 {[%emt 0:00:24]} Qf1+ {[%emt 0:01:07]} 45. Ng1 {[%emt 0:00:37]} Re1 {[%emt 0:00:00]} 46. b4 {[%emt 0:00:19]} a6 {[%emt 0:00:49]} 47. a4 {[%emt 0:00:41]} cxb4 {[%emt 0:00:00]} 48. a5 {[%emt 0:00:32]} b3 {[%emt 0:00:49]} 49. axb6 {[%emt 0:00:30]} b2 {[%emt 0:00:00]} 0-1

[Event "1st Turkish League 2017"]
[Site "Konya"]
[Date "2017.07.20"]
[Round "5"]
[White "Elma, Muge"]
[Black "Sahin, Hayrun Nisa"]
[Result "1-0"]
[WhiteElo "1513"]
[BlackElo "1576"]
[Annotator "NA"]
[PlyCount "81"]
[EventType "team-tourn"]
[EventCountry "TUR"]
[SourceTitle "playchess.com"]
[Source "ChessBase"]
[SourceQuality "1"]
[TimeControl "5400+30"]

1. Nf3 c5 2. e3 d5 3. d4 cxd4 4. exd4 g6 5. c3 Nf6 6. Bd3 Bg7 7. O-O O-O 8. h3 Nc6 9. Re1 Re8 10. Bf4 Bd7 11. Nbd2 Rc8 12. Bh2 a6 13. Nb3 e6 14. Nc5 Qb6 15. Qb3 Qxb3 16. axb3 Nd8 17. Ne5 Bc6 18. b4 Ne4 19. Bxe4 dxe4 20. Nxc6 Rxc6 21. Rxe4 f5 22. Re2 Kf7 23. Rae1 Rc8 24. d5 e5 25. Bxe5 Bxe5 26. Rxe5 Rxe5 27. Rxe5 Kf6 28. Re3 a5 29. Nd7+ Kg5 30. Nb6 Rc7 31. bxa5 Nf7 32. Rg3+ Kh6 33. Re3 Kg5 34. f3 f4 35. Re4 Rc5 36. Re7 Nd6 37. h4+ Kh6 38. Rd7 Nf5 39. d6 Rxa5 40. Nc4 Ng3 41. Nxa5 1-0

[Event "1st Turkish League 2017"]
[Site "Konya"]
[Date "2017.07.20"]
[Round "6"]
[White "Demchenko, Anton"]
[Black "Delchev, Aleksander"]
[Result "1-0"]
[WhiteElo "2645"]
[BlackElo "2588"]
[Annotator "TA"]
[PlyCount "89"]
[EventType "team-tourn"]
[EventCountry "TUR"]
[SourceTitle "playchess.com"]
[Source "ChessBase"]
[SourceQuality "1"]

{[%evp 16,89,15,15,22,22,35,22,29,29,43,41,53,47,60,22,54,54,49,56,51,60,38,25,31,31,43,10,49,35,23,0,0,0,33,37,33,0,22,21,16,18,29,29,36,38,30,25,104,97,150,148,150,154,159,150,166,152,152,130,170,172,199,181,180,167,198,199,210,218,256,229,258,257,262,258]} 1. e4 e5 2. Nf3 Nc6 3. Bc4 Bc5 4. d3 Nf6 5. c3 O-O 6. Bg5 h6 {C54: Giuoco Piano: 4 c3 Nf6, main lines with 5 d4 and 5 d3} (6... Be7 7. Nbd2 d6 8. Bb3 h6 9. Bh4 Nh5 10. Bg3 Na5 11. Bc2 f5 12. exf5 Bxf5 13. d4 Bxc2 14. Qxc2 exd4 15. cxd4 {1-0 (25) Vachier Lagrave,M (2796)-So,W (2812) Paris 2017}) 7. Bh4 Be7 8. Nbd2 d6 9. a4 {LiveBook: 6 Games} a5 10. Bg3 Nd7 11. Nf1 $146 ({Predecessor:} 11. h3 Nb6 12. Bb3 Kh8 13. d4 exd4 14. cxd4 {½-½ (71) Piorun,K (2681)-Banusz,T (2621) Katowice 2016}) 11... Nb6 12. Bb3 Bf6 13. Ne3 Re8 14. O-O Ne7 15. Nh4 (15. d4 $5 {[%cal Rd4e5]}) 15... Be6 16. Bxe6 fxe6 17. Nf3 Ng6 18. d4 exd4 19. Nxd4 e5 20. Nb5 Kh7 21. Qb3 Nf8 22. Rfd1 Ne6 23. Ng4 Nd7 24. Ne3 Nb6 25. Nf5 Nd7 26. Qd5 Ndc5 27. Qc4 Qd7 28. f3 Qc6 29. Bf2 Nd7 30. Qa2 {[%cal Rf5d6]} Ndc5 31. Ne3 Nf4 {[#]} (31... Bd8 $11) 32. Nd5 $1 $16 Nxd5 ({Black should play} 32... Bd8) 33. exd5 Qd7 34. Bxc5 dxc5 35. d6 cxd6 36. Rxd6 Qf5 37. Qd5 {Nc7 is the strong threat.} Re7 38. Re1 $36 {[%mdl 2048] White is in control.} Rc8 39. Qe4 Qxe4 40. Rxe4 ({Don't do} 40. fxe4 $6 c4 $16) 40... c4 41. Rd5 b6 42. Kf1 Bg5 43. Ke2 ({Don't play} 43. Rdxe5 $6 Rxe5 44. Rxe5 Bf4 $16) 43... Bc1 44. Rd1 ({Weaker is} 44. Rdxe5 Rxe5 45. Rxe5 Rd8 $14) 44... Bg5 45. Nd6 {Precision: White = 64%, Black = 36%.} 1-0

[Event "1st Turkish League 2017"]
[Site "Konya"]
[Date "2017.07.20"]
[Round "6"]
[White "Lupulescu, Constantin"]
[Black "Zimina, Olga"]
[Result "1-0"]
[WhiteElo "2634"]
[BlackElo "2390"]
[Annotator "TA"]
[PlyCount "95"]
[EventType "team-tourn"]
[EventCountry "TUR"]
[SourceTitle "playchess.com"]
[Source "ChessBase"]
[SourceQuality "1"]

{[%evp 14,95,16,15,39,37,44,32,38,20,12,18,22,0,16,10,43,14,47,0,0,0,13,0,8,0,19,-37,0,-29,0,-6,0,0,22,17,52,58,50,56,55,41,30,34,74,62,144,140,144,144,149,147,299,283,302,292,292,291,277,271,350,339,328,333,324,331,425,388,425,420,435,429,420,422,429,423,423,415,446,359,450,450,428,425]} 1. d4 d5 2. Nf3 Nf6 3. c4 c6 4. e3 e6 5. Qc2 Nbd7 6. b3 {D30: Queen's Gambit Declined: Systems without Nc3} (6. Nc3 Bd6 7. Bd3 O-O 8. O-O Qe7 9. Re1 dxc4 10. Bxc4 c5 11. h3 a6 12. a4 b6 13. d5 Ne5 14. Nxe5 Bxe5 15. e4 exd5 16. Bxd5 Bb7 17. Bg5 {½-½ (29) Wang,Y (2749)-Liang,C (2502) China 2010}) 6... Bd6 7. Bb2 O-O 8. Bd3 {LiveBook: 7 Games. The position is equal.} Re8 9. Ne5 c5 $146 ({Predecessor:} 9... dxc4 10. bxc4 c5 11. O-O b6 12. Nd2 Bb7 13. Rae1 h6 {1-0 (36) Verduyn,F (2225)-Boidman,Y (2411) Belgium 2009}) 10. O-O b6 11. Nd2 cxd4 12. exd4 Bb7 13. Rae1 {[%cal Ba1e1,Be1e3,Be3h3][%mdl 32]} Rc8 14. Re3 Nf8 15. Rh3 Bb4 16. a3 Bxd2 17. Qxd2 Ne4 18. Qe3 (18. Bxe4 $5 dxe4 19. f4 $14) 18... f6 19. Nf3 $36 {[%mdl 2048] White has some pressure.} Ng6 20. Nd2 ({White should try} 20. Bxe4 $11 dxe4 21. Nd2) 20... f5 21. f3 Ng5 22. Rh5 Nf7 23. Rc1 Qd6 24. c5 Qf4 25. Qf2 $1 Qb8 {[#] Hoping for ...Nf4.} 26. g3 a5 27. b4 axb4 28. axb4 Bc6 29. Bc3 {aiming for b5.} b5 (29... bxc5 $1 $14 30. bxc5 Qc7) 30. Nb3 Re7 31. Bd2 Be8 32. Re1 Nfe5 $2 (32... Nd8 $16 33. g4 Bd7) 33. dxe5 $18 Nxe5 34. Rxe5 Qxe5 35. Rh4 Qb2 36. Na5 Bd7 37. Bg5 Qxf2+ 38. Kxf2 Ree8 39. Rd4 h6 40. Bd2 Re7 41. f4 Kf7 42. Be2 Be8 43. Bc3 Ra7 44. Rd2 g5 45. h3 Kg6 46. Be5 Bd7 47. Rc2 Ra6 {[#]} 48. c6 $1 {[%mdl 512] Precision: White = 66%, Black = 45%.} 1-0

[Event "1st Turkish League 2017"]
[Site "Konya"]
[Date "2017.07.20"]
[Round "6"]
[White "Aghamaliyev, Cemil"]
[Black "Gulbas, Cemil"]
[Result "1/2-1/2"]
[WhiteElo "2493"]
[BlackElo "2366"]
[Annotator "TA"]
[PlyCount "98"]
[EventType "team-tourn"]
[EventCountry "TUR"]
[SourceTitle "playchess.com"]
[Source "ChessBase"]
[SourceQuality "1"]

{[%evp 23,98,43,42,43,33,43,48,55,70,70,76,49,63,62,72,54,61,50,72,71,64,54,68,68,66,47,54,39,68,51,50,34,45,15,16,24,24,30,22,0,54,47,61,30,30,30,30,29,29,29,29,30,36,36,36,36,36,36,70,36,36,36,38,36,93,93,93,93,93,93,93,0,0,0,0,0,0]} 1. e4 e6 2. d4 d5 3. Nd2 dxe4 4. Nxe4 Nd7 5. Nf3 Ngf6 6. Nxf6+ Nxf6 7. c3 c5 8. Be3 {C10: French with 3 Nc3: Unusual Black 3rd moves and 3...dxe4} Qc7 (8... cxd4 9. Bxd4 Be7 10. Bd3 O-O 11. Qc2 h6 12. O-O-O Qa5 13. Kb1 Rd8 14. Ne5 Bd7 15. Qe2 Bc6 16. Rhe1 Bd5 17. c4 Bxg2 18. Bc3 Qb6 19. Rg1 Bc6 20. Nxf7 Kxf7 21. Rxg7+ Kxg7 22. Qxe6 Qxf2 23. Qxe7+ Kg8 24. Bh7+ {1-0 (24) So,W (2773)-Akobian,V (2615) Saint Louis 2016}) 9. Ne5 a6 10. Qa4+ Bd7 11. Nxd7 Qxd7 12. Qxd7+ Nxd7 {LiveBook: 14 Games} 13. O-O-O cxd4 14. Bxd4 O-O-O 15. Kc2 {[#]} Nf6 $146 ({Predecessor:} 15... Rg8 16. b4 g6 17. Be2 Bg7 18. Bxg7 Rxg7 19. c4 Rgg8 20. Rd2 {½-½ (20) Kasparov,S (2503)-Andersson,U (2571) Delft 2012}) 16. Be2 Bd6 17. c4 Bc7 18. b4 Rd7 19. h3 Rhd8 20. Be3 Ne4 21. Rxd7 Rxd7 22. Bd3 Nd6 23. g4 g6 24. f4 f5 25. Rd1 Nf7 26. c5 Nd8 27. a3 Nc6 28. Bc4 (28. gxf5 {keeps more tension.} exf5 29. h4 Re7 30. Kd2 Re6 31. Bc4) 28... Rxd1 29. Kxd1 $11 {[%mdl 4096] Endgame KBB-KBN} Kd7 30. Ke2 Ne7 31. a4 fxg4 (31... Nd5 $11) 32. hxg4 $14 h5 33. Kf3 hxg4+ 34. Kxg4 e5 35. fxe5 Bxe5 36. Kf3 Bc3 37. b5 axb5 38. Bxb5+ Ke6 39. Ke4 Nf5 40. Bf2 Bb4 41. Be8 Ne7 42. Kd4 g5 43. Kc4 Ba5 (43... Bd2 $1 $14) 44. Bh5 $16 {And now Bf3 would win.} Nc6 45. Bg4+ Ke7 {[#] Strongly threatening ...Ne5+.} 46. Bc8 Bc7 47. Bxb7 (47. Be1 $16) 47... Na5+ $11 {The position is equal.} 48. Kb5 Nxb7 49. Kc6 {[#]} Nxc5 $1 {[%mdl 512] Precision: White = 58%, Black = 69%.} 1/2-1/2

[Event "1st Turkish League 2017"]
[Site "Konya"]
[Date "2017.07.20"]
[Round "6"]
[White "Nechaeva, Marina"]
[Black "Khukhashvili, Sopiko"]
[Result "0-1"]
[WhiteElo "2408"]
[BlackElo "2339"]
[Annotator "ChessBase"]
[PlyCount "84"]
[EventType "team-tourn"]
[EventCountry "TUR"]
[SourceTitle "playchess.com"]
[Source "ChessBase"]
[SourceQuality "1"]
[TimeControl "5400+30"]

1. d4 {[%emt 0:00:30]} Nf6 {[%emt 0:01:00]} 2. c4 {[%emt 0:00:30]} e6 {[%emt 0:00:30]} 3. Nc3 {[%emt 0:00:30]} Bb4 {[%emt 0:00:30]} 4. Nf3 {[%emt 0:00:00]} c5 {[%emt 0:01:30]} 5. g3 {[%emt 0:00:00]} O-O {[%emt 0:00:30]} 6. Bg2 {[%emt 0:00:30]} d5 {[%emt 0:00:30]} 7. cxd5 {[%emt 0:00:30]} Nxd5 {[%emt 0:00:30]} 8. Bd2 {[%emt 0:00:30]} cxd4 {[%emt 0:01:30]} 9. Nxd5 {[%emt 0:10:30]} Bxd2+ {[%emt 0:00:00]} 10. Nxd2 {[%emt 0:02:30]} exd5 {[%emt 0:00:00]} 11. Nb3 {[%emt 0:00:00]} Nc6 {[%emt 0:00:30]} 12. O-O {[%emt 0:00:00]} Qf6 {[%emt 0:00:30]} 13. Qd2 {[%emt 0:01:30]} Bg4 {[%emt 0:01:30]} 14. h3 {[%emt 0:12:30]} Bf5 {[%emt 0:02:30]} 15. Rad1 {[%emt 0:00:30]} Be4 {[%emt 0:07:30]} 16. f3 {[%emt 0:03:30]} Bg6 {[%emt 0:00:30]} 17. Nxd4 {[%emt 0:02:30]} Rad8 {[%emt 0:00:00]} 18. Kh2 {[%emt 0:04:30]} Rfe8 {[%emt 0:01:00]} 19. Nxc6 {[%emt 0:01:30]} bxc6 {[%emt 0:00:30]} 20. e3 {[%emt 0:01:30]} h5 {[%emt 0:00:30]} 21. h4 {[%emt 0:01:30]} Rb8 {[%emt 0:05:30]} 22. b3 {[%emt 0:02:30]} a5 {[%emt 0:01:30]} 23. Qxa5 {[%emt 0:09:30]} Rxe3 {[%emt 0:01:30]} 24. Qd2 {[%emt 0:01:30]} Rbe8 {[%emt 0:06:30]} 25. Rf2 {[%emt 0:00:30]} Rd3 {[%emt 0:02:30]} 26. Qc1 {[%emt 0:00:30]} Rc3 {[%emt 0:03:30]} 27. Qa1 {[%emt 0:05:30]} d4 {[%emt 0:02:30]} 28. a4 {[%emt 0:00:30]} d3 {[%emt 0:02:30]} 29. a5 {[%emt 0:01:30]} Rc2 {[%emt 0:01:30]} 30. Qxf6 {[%emt 0:02:30]} gxf6 {[%emt 0:00:00]} 31. Kg1 {[%emt 0:00:30]} Rb8 {[%emt 0:09:00]} 32. f4 {[%emt 0:15:30]} Rxb3 {[%emt 0:02:30]} 33. f5 {[%emt 0:00:30]} Rbb2 {[%emt 0:05:30]} 34. fxg6 {[%emt 0:07:55]} Rxf2 {[%emt 0:00:30]} 35. gxf7+ {[%emt 0:00:02]} Kg7 {[%emt 0:03:30]} 36. Bxc6 {[%emt 0:00:04]} Rfd2 {[%emt 0:00:00]} 37. Rf1 {[%emt 0:10:12]} Ra2 {[%emt 0:03:00]} 38. Be4 {[%emt 0:00:15]} Rxa5 {[%emt 0:14:30]} 39. Rxf6 {[%emt 0:00:06]} Ra1+ {[%emt 0:00:30]} 40. Rf1 {[%emt 0:00:30]} Rxf1+ {[%emt 0:00:30]} 41. Kxf1 {[%emt 0:00:00]} Rd1+ {[%emt 0:00:30]} 42. Kf2 {[%emt 0:00:00]} d2 {[%emt 0:00:30]} 0-1

[Event "1st Turkish League 2017"]
[Site "Konya"]
[Date "2017.07.20"]
[Round "6"]
[White "Dedebas, Emre Emin"]
[Black "Guncan, Berke"]
[Result "1/2-1/2"]
[WhiteElo "2322"]
[BlackElo "2043"]
[Annotator "ChessBase"]
[PlyCount "55"]
[EventType "team-tourn"]
[EventCountry "TUR"]
[SourceTitle "playchess.com"]
[Source "ChessBase"]
[SourceQuality "1"]
[TimeControl "5400+30"]

1. d4 {[%emt 0:00:30]} Nf6 {[%emt 0:01:00]} 2. Nf3 {[%emt 0:00:30]} e6 {[%emt 0:00:30]} 3. c4 {[%emt 0:00:00]} b6 {[%emt 0:00:00]} 4. a3 {[%emt 0:00:00]} Bb7 {[%emt 0:00:00]} 5. Nc3 {[%emt 0:00:00]} d5 {[%emt 0:00:30]} 6. Bg5 {[%emt 0:00:00]} Be7 {[%emt 0:00:30]} 7. Qa4+ {[%emt 0:00:30]} c6 {[%emt 0:05:30]} 8. Bxf6 {[%emt 0:00:30]} Bxf6 {[%emt 0:00:00]} 9. cxd5 {[%emt 0:00:00]} exd5 {[%emt 0:00:00]} 10. g3 {[%emt 0:00:00]} O-O {[%emt 0:01:30]} 11. Bg2 {[%emt 0:02:30]} Nd7 {[%emt 0:00:30]} 12. O-O {[%emt 0:00:30]} c5 {[%emt 0:00:30]} 13. Rfd1 {[%emt 0:11:30]} a6 {[%emt 0:09:30]} 14. Qc2 {[%emt 0:17:30]} Rc8 {[%emt 0:08:30]} 15. e3 {[%emt 0:13:30]} b5 {[%emt 0:02:30]} 16. Qe2 {[%emt 0:07:30]} c4 {[%emt 0:03:30]} 17. Ne5 {[%emt 0:06:30]} Nxe5 {[%emt 0:02:30]} 18. dxe5 {[%emt 0:00:00]} Bxe5 {[%emt 0:00:00]} 19. Nxd5 {[%emt 0:00:00]} Bxd5 {[%emt 0:00:00]} 20. Bxd5 {[%emt 0:06:30]} Qf6 {[%emt 0:01:30]} 21. Rab1 {[%emt 0:00:30]} Qe7 {[%emt 0:00:30]} 22. Ra1 {[%emt 0:00:30]} Qf6 {[%emt 0:00:30]} 23. Rab1 {[%emt 0:00:00]} Qe7 {[%emt 0:00:00]} 24. Ra1 {[%emt 0:00:00]} Qf6 {[%emt 0:00:00]} 25. Rab1 {[%emt 0:00:00]} Qe7 {[%emt 0:00:00]} 26. Ra1 {[%emt 0:00:00]} Qf6 {[%emt 0:00:00]} 27. Rab1 {[%emt 0:00:00]} Qe7 {[%emt 0:00:00]} 28. Ra1 {[%emt 0:00:00]} 1/2-1/2

[Event "1st Turkish League 2017"]
[Site "Konya"]
[Date "2017.07.20"]
[Round "6"]
[White "Eminov, Orkhan"]
[Black "Khamrakulov, Djurabek"]
[Result "0-1"]
[WhiteElo "2274"]
[BlackElo "2477"]
[Annotator "TA"]
[PlyCount "104"]
[EventType "team-tourn"]
[EventCountry "TUR"]
[SourceTitle "playchess.com"]
[Source "ChessBase"]
[SourceQuality "1"]

{[%evp 11,104,-15,7,-7,13,10,28,20,12,0,6,0,0,-25,-18,-19,-20,-62,23,-58,0,-9,0,-34,12,29,20,-64,306,297,203,222,102,12,0,0,-7,-224,-112,-111,-91,-155,-129,-160,-66,-300,-289,-362,-331,-400,-405,-350,-222,-184,-181,-398,-393,-376,-271,-356,-353,-353,-353,-351,-350,-344,-335,-288,-229,-311,-244,-569,-568,-517,-131,-786,-783,-762,-720,-925,-907,-893,-856,-841,-765,-1465,-1277,-29981,-29982,-29982,-29983,-29983,-29984,-29983,-29984]} 1. e4 c6 2. d4 d5 3. f3 e6 4. Nc3 Bb4 5. Bf4 Nf6 6. Qd3 b6 7. Nge2 {B12: Caro-Kann: Advance Variation} O-O (7... a5 8. O-O-O a4 9. Nxa4 Rxa4 10. Qb3 b5 11. Bxb8 dxe4 12. Be5 e3 13. c3 Bd6 14. Nf4 Bxe5 15. dxe5 {1-0 (37) Nepomniachtchi,I (2632)-Dreev,A (2662) Ulan Ude 2009}) 8. O-O-O a5 9. Bg5 $146 {White has an edge.} ({Predecessor:} 9. g4 a4 10. g5 Nfd7 11. h4 a3 12. b3 Ba6 13. Qe3 Re8 {½-½ (13) Wong,Z (2311)-Megaranto,S (2437) Ho Chi Minh City 2003}) 9... Be7 10. h4 $1 a4 11. e5 Nfd7 12. Nf4 Ba6 13. Qe3 Bxf1 14. Rdxf1 b5 ({Black should try} 14... a3 $15 15. b3 c5) 15. Nh5 (15. Nd3 $11) 15... Kh8 (15... c5 $15 16. Nxb5 Nc6 17. Bxe7 Qxe7 18. dxc5 a3 19. Nxa3 Rfb8) 16. f4 b4 17. Ne2 (17. f5 $5 {[%cal Rf5f6]} bxc3 18. f6 cxb2+ 19. Kb1 Bxf6 20. exf6 $11) 17... c5 (17... b3 $5 18. axb3 axb3 $11) 18. f5 $1 {[%cal Rf5f6]} exf5 $1 19. g4 (19. Bxe7 Qxe7 20. Rxf5 b3 $15) (19. Nxg7 $11 Kxg7 20. Bh6+ Kh8 21. Bxf8 Bxf8 22. Rxf5) 19... fxg4 $2 {[%mdl 8192] [#]} (19... b3 $1 $15 {stays ahead.} 20. a3 Nc6 21. Bxe7 Qxe7 22. gxf5 cxd4 23. Nxd4 Nxd4 24. Qxd4 Qxe5 25. Qxe5 Nxe5 26. cxb3 axb3) 20. Bh6 $1 $18 {[%cal Rh6g7][%mdl 512]} g6 (20... gxh6 $2 21. Qxh6 Rg8 22. Rxf7 $18) 21. Bxf8 Bxf8 (21... Qxf8 $18 22. e6 f6) 22. Nhf4 (22. Rxf7 $16 b3 23. cxb3 (23. axb3 axb3 24. e6 gxh5 $11)) 22... Nc6 $11 23. e6 cxd4 24. Qg3 $2 {[#]} (24. Nxd4 $11 Bc5 25. c3 bxc3 26. bxc3) 24... Nde5 ({Better is} 24... b3 $1 $19 {[%cal Rb3a2]} 25. cxb3 (25. axb3 $2 Nde5 $19) 25... axb3 26. Qxb3 Nc5 27. Qxd5 Qxd5 28. Nxd5 fxe6) 25. exf7 $17 {Black should prevent h5.} b3 $1 $36 {[%cal Rb3a2][%mdl 2048] Black has strong initiative.} 26. a3 {[#] Black must now prevent h5.} h5 $1 27. Ne6 Bh6+ (27... Qe7 $17 28. N6xd4 Bh6+ 29. Kb1 bxc2+ 30. Nxc2 Nc4) 28. Kb1 $2 (28. Qf4 $1 $15 Nxf7 29. Nxd8 Rxd8 30. cxb3) 28... bxc2+ $19 29. Ka2 {[#]} Qd6 $1 {[%cal Rd6e6]} 30. N2xd4 Nxd4 31. Nxd4 c1=Q 32. Rxc1 Bxc1 ({Worse is} 32... Nxf7 33. Qxd6 Nxd6 34. Rc6 $15) 33. Nb5 $2 (33. Rxc1 {only move.} Nxf7 34. Qc3) 33... Qf6 34. Rxc1 Nxf7 35. Qd3 Rd8 36. Rf1 Qg7 37. Nd4 Rb8 38. Rf2 {White wants to play Ne6.} Ne5 39. Qg3 {Threatens to win with Ne6.} Rb6 {...Nc4 is the strong threat.} 40. Qe3 {If White can now play Re2 this consolidates a bit.} Kh7 41. Re2 $2 (41. Nf3 {nothing else works.} Rxb2+ 42. Rxb2 gxf3 43. Rb1) 41... Nc4 42. Qg5 {aiming for Re7.} Rb7 $2 ({Stronger than} 42... Qxd4 43. Re7+ Kg8 44. Re8+ Kh7 45. Re7+ Kg8 46. Re8+ Kh7 47. Re7+ $11) (42... Qf8 $19 {and Black stays clearly on top. ( -> ...Rxb2+!)} 43. Ka1 Rb7) 43. Qxd5 $2 {[%mdl 8192]} (43. Ne6 $17 Rxb2+ 44. Ka1 Rxe2+ 45. Nxg7 Kxg7 46. Qxd5) 43... Rd7 44. Qxc4 Rxd4 {[%mdl 4096] Endgame KQR-KQR} 45. Qc1 Qf7+ 46. Ka1 g3 47. Qe1 Rd7 48. Rg2 Qf3 49. Qxg3 Rd1+ {Black mates.} 50. Ka2 Qd5+ 51. b3 axb3+ 52. Kb2 Qd4+ {Precision: White = 34%, Black = 45%.} 0-1